Flick or Treat! Quiz Stats

 Plays Quiz Updated Oct 31, 2015

Challenge
Share
Tweet
Embed
Score 0/72 Timer 07:00
0 Plays Today
% Correct
Opera
97.1%
You
96.2%
Elm
94.4%
Dead
94%
Edward
93.7%
Night
93.2%
Silence
93.1%
Blair
92.6%
Saw
92.1%
April
91.6%
Hyde
90.8%
Your
90.2%
King
90.2%
Years
88.8%
Evil
88.6%
Horrors
87.7%
Rock
87.4%
Outer
87.1%
Of
86.8%
Eyes
86.1%
Dusk
85.6%
Rocky
85.3%
Answer
85.1%
Hunchback
84.6%
American
84.3%
Abraham
84%
Ever
83.2%
Activity
82.5%
Riding
82.4%
Eight
82.2%
Black
82.1%
Alien
82%
Baby
81.2%
Under
80.3%
Lost
80.1%
Hell
76.7%
% Correct
Hershey
75.2%
Killer
75.2%
Next
75%
Stoker's
74.2%
Addams
73.5%
Case
73.4%
Dr.
73.2%
Silent
70.9%
Reese's
70.8%
Invasion
70.7%
Stranger
70%
Emily
68.4%
Mounds
68.3%
Something
67.5%
Bloody
66.7%
Once
66.6%
You're
66.6%
Payday
66.1%
Meet
65.1%
Snickers
64.2%
Teenage
62%
Incredible
62%
Baby Ruth
60.2%
Pendulum
57.3%
Airheads
56.5%
Portrait
54.9%
Bazooka
50.3%
Usher
48.1%
Plan
47.8%
Blow Pop
47.7%
Race
45.5%
Rue
43.9%
Overdrive
43.3%
Zombies
41.4%
Wax
38.5%
Slumber
25.6%

You're not logged in!

Compare scores with friends on all Sporcle quizzes.
Join for Free
OR
Log In

You Might Also Like...

Show Comments

Extras

Top Quizzes Today


Score Distribution

Your Account Isn't Verified!

In order to create a playlist on Sporcle, you need to verify the email address you used during registration. Go to your Sporcle Settings to finish the process.

Report this User

Report this user for behavior that violates our Community Guidelines.

Details: